La evolución actual del mundo : ilusiones y realidades /
El autor nos presenta su punto de vista de la situación actual del mundo, donde predomina la lucha entre las fuerzas capitalistas y democráticas contra el totalitarismo comunista.
Enregistré dans:
| Auteur principal: | |
|---|---|
| Autres auteurs: | |
| Format: | Livre |
| Langue: | espagnol |
| Sujets: | |
| Tags: |
Pas de tags, Soyez le premier à ajouter un tag!
|
MARC
| LEADER | 00000nam^a2200000^a^4500 | ||
|---|---|---|---|
| 001 | 000388223 | ||
| 005 | 20250521000000.0 | ||
| 009 | 20260310121047.423 | ||
| 037 | |a Acervo Xavier Clavigero | ||
| 041 | |a ESP | ||
| 082 | |a 320. 9 |b BON | ||
| 100 | |a Bon, Gustavo Le |e (autor) | ||
| 245 | 1 | 3 | |a La evolución actual del mundo : |b ilusiones y realidades / |c G. Le Bon; tr. por F. Almela y Vives. |
| 264 | |a Madrid, España : |b Aguilar, |c copyright fecha no identificada | ||
| 300 | |a 287 p. | ||
| 336 | |a texto |b txt |2 rdacontenido | ||
| 337 | |a sin mediación |b n |2 rdamedio | ||
| 338 | |a volumen |b nc |2 rdasoporte | ||
| 520 | |a El autor nos presenta su punto de vista de la situación actual del mundo, donde predomina la lucha entre las fuerzas capitalistas y democráticas contra el totalitarismo comunista. | ||
| 545 | 0 | |a Gustave Le Bon (1841-1931), fue un sociólogo social y escritor francés. Para muchos investigadores, los trabajos de Le Bon acerca del comportamiento social y los rasgos nacionales fueron las bases para los futuros estudios de masas y en específico de la influencia de los medios en la colectividad. Intelectual prolífico que escribiría de diversas materias como la antropología y arqueología o de anatomía y fisiología, es recordado por sus aportes a las teorías evolutivas biológicas de la sociedad. En su obra encontramos argumentos que favorecen la superioridad de las razas europeas, lo que tendría influencia en teorías colonialistas y de supremacía aria. Las obras más representativas del pensamiento de Le Bon son: Las leyes psicológicas de la evolución de los pueblos (1894), Psicología de las masas (1898), Masas: un estudio de mentalidad popular (1897), L’evolution des forces (1907) y Psicología de la revolución (1913). | |
| 561 | |a Ex libris de Instituto de Literatura Puente Grande, Jal. | ||
| 561 | |a Ex libris de Bibl. Iunioratus Dom. Prob. S. Ioseph | ||
| 561 | |a Ex libris de Bibliotheca Collegii Maximi Prov. Mexicanae, S.J. | ||
| 562 | |a Falta cubierta | ||
| 649 | |a XX | ||
| 650 | |a Dinero | ||
| 650 | |a Poder Legislativo | ||
| 650 | |a Guerra y Paz | ||
| 650 | |a Anticomunismo | ||
| 650 | |a Socialismo - |x Historia y Crítica | ||
| 650 | |a Comunismo - |x Historia y Crítica | ||
| 650 | |a Finanzas | ||
| 650 | |a Economía Política | ||
| 650 | |a Política - |x Historia | ||
| 650 | |a Política - |x Tema Principal | ||
| 700 | |a Almela y Vives, Francisco |e (traducción) | ||
| 910 | |a Fondo General | ||
| 920 | |a Impresos - Libros | ||
| 930 | |a Colección General | ||
| 905 | |a 101 | ||
| 901 | |a 015278 |b IT1 |c ACC |u 20250521 | ||
| 902 | |a https://opac.biblio.iteso.mx/vufind/Record/000388223 | ||